The dehumanization of man (Record no. 63419)

MARC details
000 -LEADER
fixed length control field 00967nam a2200181 a 4500
008 - FIXED-LENGTH DATA ELEMENTS--GENERAL INFORMATION
fixed length control field 120416s1983 ||||||||||||||||| || u
050 ## - LIBRARY OF CONGRESS CALL NUMBER
Classification number HM 291 Mon
100 ## - MAIN ENTRY--PERSONAL NAME
Personal name Montagu, Ashley
245 14 - TITLE STATEMENT
Title The dehumanization of man
246 ## -
-- Ashley Mantagu
260 ## - PUBLICATION, DISTRIBUTION, ETC.
Place of publication, distribution, etc. New York
Name of publisher, distributor, etc. McGraw-Hill
Date of publication, distribution, etc. 1983
300 ## - PHYSICAL DESCRIPTION
Extent xxxvii, 246p.
350 ## -
-- 0.00
995 ## -
-- ANNEX COLLECTION (Main Library)
-- 0.00
-- 710341
-- CBU-MAIN LIBRARY (Kitwe)
-- 1
-- 24.00
-- HM 291 Mon
-- AVAILABLE
-- 008879
-- Annex Low-Usage Collection
995 ## -
-- ANNEX COLLECTION (Main Library)
-- 0.00
-- 710339
-- CBU-MAIN LIBRARY (Kitwe)
-- 3
-- 24.00
-- HM 291 Mon
-- AVAILABLE
-- 008877
-- Annex Low-Usage Collection
995 ## -
-- ANNEX COLLECTION (Main Library)
-- 0.00
-- 710340
-- CBU-MAIN LIBRARY (Kitwe)
-- 4
-- 24.00
-- HM 291 Mon
-- AVAILABLE
-- 008878
-- Annex Low-Usage Collection
995 ## -
-- ANNEX COLLECTION (Main Library)
-- 0.00
-- 710342
-- CBU-MAIN LIBRARY (Kitwe)
-- 2
-- 24.00
-- HM 291 Mon
-- AVAILABLE
-- 008880
-- Annex Low-Usage Collection
999 ## -
-- 63419
-- 63419
Holdings
Withdrawn status Lost status Source of classification or shelving scheme Damaged status Not for loan Permanent Location Current Location Shelving location Date acquired Total Checkouts Full call number Barcode Date last seen Price effective from Koha item type
          CBU-MAIN LIBRARY, KITWE. CBU-MAIN LIBRARY, KITWE.   12/24/2022   HM 291 Mon 008879 12/24/2022 12/24/2022 MONOGRAPH
          CBU-MAIN LIBRARY, KITWE. CBU-MAIN LIBRARY, KITWE.   12/24/2022   HM 291 Mon 008877 12/24/2022 12/24/2022 MONOGRAPH
Withdrawn         CBU-MAIN LIBRARY, KITWE. CBU-MAIN LIBRARY, KITWE.   12/24/2022   HM 291 Mon 008878 12/24/2022 12/24/2022 MONOGRAPH
Withdrawn         CBU-MAIN LIBRARY, KITWE. CBU-MAIN LIBRARY, KITWE.   12/24/2022   HM 291 Mon 008880 12/24/2022 12/24/2022 MONOGRAPH